Statystyki dla Kto to śpiewa? #1

Kliknij tutaj aby rozwiązać quiz!

Ogólne statystyki

  • Ten quiz został rozwiązany 667 razy
  • Średni wynik to 8 z 15

Statystyki odpowiedzi

Tytuł piosenkiAutor% Poprawnych
Miłość w ZakopanemSławomir
98%
Łowcy GwiazdCleo
87%
Tamta dziewczynaSylwia Grzeszczak
83%
Weź nie pytajPaweł Domagała
76%
Naucz mnieSarsa
72%
Trójkąty i kwadratyDawid Podsiadło
68%
Małe RzeczySylwia Grzeszczak
66%
DOMCleo
50%
To nie jaEdyta Górniak
50%
Najnowszy klipDawid Podsiadło
46%
LustraNatalia Szroeder
42%
Dobrze Jest, Jak JestRoksana Węgiel
35%
Kto nie kochałPiotr Cugowski
29%
Zaskakuj mnieMarcin Sójka
17%
W GłowieAnia Dąbrowska
16%

Rozkład punktacji

Percentyl według liczby udzielonych odpowiedzi

Procent ludzi z każdym wynikiem

Twoja historia wyników

Nie rozwiązałeś tego quizu